The Coastal environmental profile of Segara Anakan-Cilacap, South Java, Indonesia

محفوظ في:
التفاصيل البيبلوغرافية
التنسيق: كتاب
اللغة:Undetermined
منشور في: Makati, Metro Manila, Philippines International Center for Living Aquatic Resources Management on behalf of the Association of Southeast Asian Nations/United States Coastal Resources Management Project 1989
الموضوعات:
الوسوم: إضافة وسم
لا توجد وسوم, كن أول من يضع وسما على هذه التسجيلة!
Thư viện lưu trữ: Trung tâm Học liệu Trường Đại học Cần Thơ
LEADER 00886nam a2200193Ia 4500
001 CTU_149534
008 210402s9999 xx 000 0 und d
082 |a 577.786 
082 |b C652i 
245 4 |a The Coastal environmental profile of Segara Anakan-Cilacap, South Java, Indonesia 
245 0 |c Edited by Alan T. White, Purwito Martosubroro, Marie Sol M. Sadorra 
260 |a Makati, Metro Manila, Philippines 
260 |b International Center for Living Aquatic Resources Management on behalf of the Association of Southeast Asian Nations/United States Coastal Resources Management Project 
260 |c 1989 
650 |a Renewable natural resources,Coastal zone management,Environmental policy 
650 |x Sinh thái học biển 
650 |z Indonesia,Java,Indonesia,Java,Indonesia,Java 
904 |i Nguyên 
980 |a Trung tâm Học liệu Trường Đại học Cần Thơ